000
00272nam a22001217a 4500
008
170713b xxu||||| |||| 00| 0 eng d
041
_a
eng
080
_a
17
100
_a
24
101
_a
FIL
245
_a
THE FOUNDATIONS OF BIOETHICS
_c
ENGELHARDT, H.T
942
_2
udc
_c
BK
999
_c
20566
_d
20566